| 000 | 00367nam a2200121Ia 4500 | ||
|---|---|---|---|
| 008 | 230907s9999||||xx |||||||||||||| ||und|| | ||
| 082 |
_a951.083 _bCON |
||
| 245 | 2 | _aA Concise History of the People's Republic of China (1949-2019) / | |
| 260 |
_aContemporary China Publishing House, _bBeijing : _c2019 |
||
| 300 | _a233 p. : | ||
| 650 | _aChinese Studies | ||
| 942 | _cBK | ||
| 999 |
_c601664 _d601664 |
||